000 01790cim a2200277 i 4500
001 23316244
005 20240920122106.0
008 240920b |||||||| |||| 00| 0 eng d
010 _a 2023623403
020 _a9780316480949 (Paperback)
035 _a(OCoLC)on1100792109
040 _aTEFMT
_beng
_erda
_cTEFMT
_dOCLCO
_dTEF
_dIEP
_dOCLCF
_dRECBC
_dTOH
_dQT4
_dOCLCQ
_dOCLCO
_dJTA
_dDLC
082 0 4 _a320.520973
_223
100 1 _aWill, George F.,
_eauthor.
245 1 4 _aThe conservative sensibility /
_cGeorge F. Will.
264 1 _aNew York, NY :
_bHachette books
_c[2019]
264 4 _c℗2019
300 _axxxix, 600 pages
_c24 cm
365 _bRs. 1083.00
505 0 _aThe founders' epistemological assertion : they knew what can be known -- The progressives' revision : an emancipation (from natural rights) proclamation -- Progressivism's institutional consequences : the presidency triumphant, the administrative state rampant, Congress dormant -- The judicial supervision of democracy : difficulties with the "counter-majoritarian difficulty" -- Political economy : rescuing the great enrichment from the fatal conceit -- Culture and opportunity : the scissors that shredded old convictions -- The aims of education : talents for praising and for pessimism -- Going abroad : a creedal nation in a world on probation -- Welcoming whirl : conservatism without theism -- Borne back : the quest for a useable past.
520 _aOutlines revolutionary perspectives on American conservatism that reveal how the Founders' beliefs in natural rights established a political tradition under threat in today's world.
650 0 _aConservatism
_zUnited States
_xHistory.
651 0 _aUnited States
_xPolitics and government.
700 1 _aGanim, Peter,
_enarrator.
942 _2ddc
_cBK
999 _c212779
_d212779